Die sudetendeutschen Sozialdemokraten und die bayerische SPD 1945 bis 1978
| Titel: | Die sudetendeutschen Sozialdemokraten und die bayerische SPD 1945 bis 1978 / Bastian Vergnon |
|---|---|
| Verfasser: | |
| Veröffentlicht: | Frankfurt am Main; Bern; Wien : PL Academic Research, [2017] |
| Umfang: | 508 Seiten : Illustrationen ; 21 cm |
| Format: | Buch |
| Sprache: | Deutsch |
| Hochschulschrift: | Dissertation, Universität Regensburg, 2016 |
| ISBN: | 3631735359 ; 9783631735350 |
| Hinweise zum Inhalt: |
Hinweise zum Inhalt
Inhaltsverzeichnis |
alg: 42342418 001A $00030:29-11-17 001B $03025:10-02-21 $t11:59:27.000 001D $00030:29-11-17 001U $0utf8 001X $00 002@ $0Aau 002C $aText $btxt $2rdacontent 002D $aohne Hilfsmittel zu benutzen $bn $2rdamedia 002E $aBand $bnc $2rdacarrier 003@ $0423424181 003O $01013458857 $aOCoLC 004A $03-631-73535-9 004A $A978-3-631-73535-0 $fBroschur : EUR 64.95 004K $09783631735350 006C $01001341080 $aOCoLC 006G $01137960450 006H $0TOCNEUA1749 $2DNB 006T $017,N33 006U $018,A17 $f20170809 006U $018,H05 007A $01137960450 $aDNB 009P $A2 $uhttps://www.peterlang.com/view/product/83582?format=PBK $mX:MVB 009P $qapplication/pdf $3Inhaltsverzeichnis $uhttp://d-nb.info/1137960450/04 $mB:DE-101 010@ $ager 010E $erda 011@ $a2017 $n[2017] 013D $RWissenschaftliche Literatur $#Dissertations, Academic $#Thèses et écrits académiques $74113937-9 $8Hochschulschrift [Ts1] $9085338818 021A $aDie @sudetendeutschen Sozialdemokraten und die bayerische SPD 1945 bis 1978 $hBastian Vergnon 028A $BVerfasser $4aut $71145185290 $8Vergnon, Bastian$Z20./21. Jh. [Tp3] $9421466510 033A $pFrankfurt am Main $pBern $pWien $nPL Academic Research 034D $a508 Seiten 034I $a21 cm 034M $aIllustrationen 037C $dDissertation $eUniversität Regensburg $f2016 039U $8--Oou--Scheidle, Philipp [Tp3]. [Bastian Vergnon: Die sudetendeutschen Sozialdemokraten und die bayerische SPD 1945 bis 1978], 2018 $9475653890 039U $aRezensiert in $8--Oou--Vierling, Birgit$Z1977- [Tp3]. [Bastian Vergnon: Die sudetendeutschen Sozialdemokraten und die bayerische SPD 1945 bis 1978], 2019 $9458146870 044K $qDNB $RSozialistische Arbeiterpartei Deutschlands $#SPD $#Deutsche Sozialdemokratie Sozialdemokratische Partei Deutschlands $#Partido Social-Democrata da Alemanha $#Partido Social Demócrata Alemán $#Sozialdemokratie Deutschlands Sozialdemokratische Partei Deutschlands $#Sozialdemokraten $#SPD $#Mehrheitssozialdemokratische Partei Deutschlands $#MSPD $#Vereinigte Sozialdemokratische Partei Deutschlands $#VSPD $#Vereinigte SPD $#Sopade $#Social Democratic Party $#German Social Democratic Party $#Parti Socialdémocrate Allemand $#Sozialdemokratische Partei Deutschlands, Abteilung Presse und Information $#Sozialdemokratische Partei Deutschlands, Propaganda-Ausschuß $72022139-3 $8Sozialdemokratische Partei Deutschlands [Tb1] $9042758750 044K $qDNB $#Sudeten Germans $#Allemands des Sudètes $#Sudetenland Sudetendeutsche $#Böhmische Länder Sudetendeutsche $#Sudetenland Deutsche $#Deutschböhmen $#Böhmische Länder Deutsche $74058386-7 $8Sudetendeutsche [Ts1] $9085161942 044K $qDNB $RPfalz-Bayern $#Bayern $#Bayern $#Herzogtum Bayern $#Königreich Bayern $#Churbayern $#Bavaria $#Kurfürstentum Bayern $#Kurbayern $#Freistaat Bayern $#Stammesherzogtum Bayern $#Bavarian State $#Bayerischer Staat $#Baiern $#Volksstaat Bayern $#Bavière $#Bayrn $#BY $74005044-0 $8Bayern [Tgz] $9085005436 045B $a900 045E $c320 045R $aGeschichte 1945-1978 lok: 42342418 3 101B $029-11-17 $t11:47:42.000 101C $029-11-17 101U $0utf8 145S/01 $a039 exp: 42342418 3 1 #EPN 201B/01 $029-11-17 $t11:47:42.000 201C/01 $029-11-17 201U/01 $0utf8 203@/01 $01012130363 208@/01 $a29-11-17 $bzAa 209A/01 $a90.934.07 $du $f000 $h90 934 07 $x00 209G/01 $a90934074 $x00 247C/01 $8601000-3 <30>Frankfurt, Universitätsbibliothek J. C. Senckenberg, Zentralbibliothek (ZB) $9102598258 lok: 42342418 78 exp: 42342418 78 1 #EPN 201B/01 $028-01-20 $t16:50:12.000 201C/01 $028-01-20 201U/01 $0utf8 203@/01 $01077582021 208@/01 $a28-01-20 $be 209A/01 $a/ $f000 $x00 209A/01 $ab*p $x01 220C/01 $aeja 244Z/01 $#Böhmische Kronländer $#Länder der Böhmischen Krone $#Sudetenland $#Böhmen $#Mähren $#Mährisch-Schlesien $#Österreichisch-Schlesien $#Tschechische Sozialistische Republik Böhmische Länder $#Tschechei Böhmische Länder $#Země koruny české $74069573-6 $8--Tg1--Böhmische Länder $x03 $9085195553 247C/01 $82080>Marburg/Lahn, Herder-Institut, Forschungsbibliothek, Bibliographieportal $9336309341
| LEADER | 00000cam a2200000 c 4500 | ||
|---|---|---|---|
| 001 | 423424181 | ||
| 003 | DE-603 | ||
| 005 | 20210210115927.0 | ||
| 007 | tu | ||
| 008 | 171129s2017 xx |||| m u00||u|ger | ||
| 015 | |a 18,A17 |z 17,N33 |2 dnb | ||
| 016 | 7 | |2 DE-101 |a 1137960450 | |
| 020 | |a 3631735359 | ||
| 020 | |a 9783631735350 |c Broschur : EUR 64.95 | ||
| 024 | 3 | |a 9783631735350 | |
| 035 | |a (DE-599)DNB1137960450 | ||
| 035 | |a (OCoLC)1013458857 | ||
| 040 | |a DE-603 |b ger |c DE-603 |d DE-603 |e rda | ||
| 041 | |a ger | ||
| 082 | 7 | |a 900 | |
| 084 | |a 320 |q DE-101 |2 sdnb | ||
| 100 | 1 | |a Vergnon, Bastian |d 20./21. Jh. |e Verfasser |4 aut |0 (DE-603)421466510 |0 (DE-588)1145185290 |2 gnd | |
| 245 | 0 | 0 | |a Die sudetendeutschen Sozialdemokraten und die bayerische SPD 1945 bis 1978 |c Bastian Vergnon |
| 264 | 1 | |a Frankfurt am Main |a Bern |a Wien |b PL Academic Research |c [2017] | |
| 300 | |a 508 Seiten |b Illustrationen |c 21 cm | ||
| 336 | |a Text |b txt |2 rdacontent | ||
| 337 | |a ohne Hilfsmittel zu benutzen |b n |2 rdamedia | ||
| 338 | |a Band |b nc |2 rdacarrier | ||
| 502 | |b Dissertation |c Universität Regensburg |d 2016 | ||
| 610 | 1 | 7 | |a Sozialdemokratische Partei Deutschlands |2 gnd |0 (DE-588)2022139-3 |0 (DE-603)042758750 |
| 648 | 7 | |a Geschichte 1945-1978 |2 gnd | |
| 650 | 7 | |a Sudetendeutsche |0 (DE-588)4058386-7 |0 (DE-603)085161942 |2 gnd | |
| 651 | 7 | |a Bayern |0 (DE-588)4005044-0 |0 (DE-603)085005436 |2 gnd | |
| 655 | 7 | |a Hochschulschrift |2 gnd-content |0 (DE-588)4113937-9 |0 (DE-603)085338818 | |
| 787 | 0 | 8 | |i Rezensiert in |a Scheidle, Philipp |t [Bastian Vergnon: Die sudetendeutschen Sozialdemokraten und die bayerische SPD 1945 bis 1978] |w (DE-603)475653890 |
| 787 | 0 | 8 | |i Rezensiert in |a Vierling, Birgit, 1977- |t [Bastian Vergnon: Die sudetendeutschen Sozialdemokraten und die bayerische SPD 1945 bis 1978] |w (DE-603)458146870 |
| 856 | 4 | 2 | |m X:MVB |u https://www.peterlang.com/view/product/83582?format=PBK |
| 856 | 4 | 2 | |m B:DE-101 |q application/pdf |u http://d-nb.info/1137960450/04 |3 Inhaltsverzeichnis |
| 924 | 0 | |9 30 |a (DE-603)1012130363 |b DE-30 |c HES |d c |g 90.934.07 | |
| 924 | 0 | |9 2080 |a (DE-603)1077582021 |b DE-2080 |c HES |d d |g / | |


